Guatemala buscar salir de la guerra fría /
Uloženo v:
| Hlavní autor: | |
|---|---|
| Médium: | Text |
| Tagy: |
Přidat tag
Žádné tagy, Buďte první, kdo vytvoří štítek k tomuto záznamu!
|
MARC
| LEADER | 00000 a a2200000 04500 | ||
|---|---|---|---|
| 001 | 47278 | ||
| 003 | |||
| 040 | |||
| 100 | |a Alvarado, Félix | ||
| 245 | |a Guatemala buscar salir de la guerra fría / |c Félix Alvarado | ||
| 773 | |g número254, (2014), páginas 124-135 | ||
| 999 | |c 31132 |d 31132 | ||
